| Tag |
First Indicator |
Second Indicator |
Subfields |
| LEADER |
00000cam a2200000 4500 |
| 001 |
in00000359621 |
| 005 |
20151011062103.0 |
| 008 |
720817s1958 nyua b 00110 eng |
| 010 |
|
|
|a 58007082
|
| 035 |
|
|
|a (OCoLC)00384915
|
| 035 |
|
|
|9 ABM9632AM
|
| 040 |
|
|
|c WSU
|d TXA
|d UtOrBLW
|
| 041 |
1 |
|
|a eng
|a ger
|
| 049 |
|
|
|a TXAM
|c [305764]
|
| 050 |
0 |
0 |
|a BD632
|b .R413
|
| 100 |
1 |
|
|a Reichenbach, Hans,
|d 1891-1953.
|
| 245 |
1 |
4 |
|a The philosophy of space & time /
|c Translated by Maria Reichenbach and John Freund. With introductory remarks by Rudolf Carnap.
|
| 264 |
|
1 |
|a New York :
|b Dover Publications,
|c [1958]
|
| 264 |
|
4 |
|c [©1958]
|
| 300 |
|
|
|a xvi, 295 pages :
|b illustrations ;
|c 21 cm.
|
| 336 |
|
|
|a text
|b txt
|2 rdacontent
|
| 337 |
|
|
|a unmediated
|b n
|2 rdamedia
|
| 338 |
|
|
|a volume
|b nc
|2 rdacarrier
|
| 504 |
|
|
|a Includes bibliographical references.
|
| 650 |
|
0 |
|a Space and time.
|
| 650 |
|
0 |
|a Relativity (Physics)
|
| 999 |
|
|
|a MARS
|
| 999 |
f |
f |
|s db0a0ee0-d311-3714-ba4e-8828391fa09a
|i bf60561c-3251-36ff-ba93-45bd6d3f7549
|t 0
|
| 952 |
f |
f |
|p ric
|a Texas A&M University
|b Rellis Campus
|c Joint Library Facility
|d Remote Storage
|t 0
|e BD632 .R413
|h Library of Congress classification
|i unmediated -- volume
|m A14801651877
|
| 998 |
f |
f |
|a BD632 .R413
|t 0
|l Remote Storage
|